000 00508cam a2200205ua 4500
001 8048
005 20260515114304.0
008 150105n ii |||gr||||Z||||||hin
040 _cMAIN
041 _ahin
082 _a891.432
100 _aBharati, B,
_eEditor.
245 1 _aKath kahi ek jale ped ne
_cEdited by Bhanu Bharati
250 _a1st.
260 _aNew Delhi:
_bRajkamal,
_c1998.
300 _a72p.
653 _aEast Indo-European & Celtic literatures
653 _aHindi drama
942 _cBK
999 _c7160
_d7160